Rebelión, monarquía y oligarquía murciana en la época de Carlos V
Kaydedildi:
| Yazar: | |
|---|---|
| Materyal Türü: | Kitap |
| Dil: | İspanyolca |
| Baskı/Yayın Bilgisi: |
Murcia, España
Universidad de Murcia
1980
|
| Konular: | |
| Etiketler: |
Etiketle
Etiket eklenmemiş, İlk siz ekleyin!
|
MARC
| LEADER | 00000nam a2200000 a 4500 | ||
|---|---|---|---|
| 001 | UCO1213 | ||
| 003 | CL-VaPUC | ||
| 005 | 20230103105102.0 | ||
| 008 | 000512e19800000SP |||||||||||||||||spa|d | ||
| 999 | |c 287842 |d 287840 | ||
| 040 | |c Pontificia Universidad Católica de Valparaíso | ||
| 082 | 0 | 4 | |a 946.042 OWE 1980 |2 21 |
| 100 | |a Owens, John B. |e autor |9 443117 | ||
| 245 | 1 | 0 | |a Rebelión, monarquía y oligarquía murciana en la época de Carlos V |
| 260 | |a Murcia, España |b Universidad de Murcia |c 1980 | ||
| 300 | |a 296 páginas | ||
| 583 | |a last modification |c 20000512 00:00:00 |k Rodrigo Vera | ||
| 600 | 0 | 7 | |a CARLOS V |2 CL-VaPUC |9 349626 |x MONARQUIA ESPAÑOLA |z ESPAÑA |
| 650 | 0 | |a Historia de España |9 315435 | |
| 650 | 0 | |a Oligarquía |z ESPAÑA |9 314747 | |
| 852 | |a BIBCUR | ||
| 942 | |c BK |2 ddc | ||
| 945 | |d 20000512 00:00:00 |a rherrera | ||
| 952 | |0 0 |1 0 |2 ddc |4 0 |6 946_042000000000000_OWE_1980 |7 0 |8 A |9 334905 |a BIBHIS |b BIBHIS |d 2019-11-20 |i 1280201 |o 946.042 OWE 1980 |p 1280201 |r 2025-01-20 |t 1 |w 2019-11-20 |y BK |k HIS | ||